| 000 | 00856nam a22002057a 4500 | ||
|---|---|---|---|
| 003 | OSt | ||
| 005 | 20250911181103.0 | ||
| 008 | 240208b ||||| |||| 00| 0 eng d | ||
| 040 | _c0 | ||
| 082 | _aDPer 621.381 In821 April 2022 v. 37 n. 4 | ||
| 100 |
_aKim, Hyeon-Sik. _eauthor. _952028 |
||
| 245 |
_aOnline MTPA operation of IPMSM based on dual-loop control in polar coordinates / _cHyeon-Sik Kim, Jiwon Yoo, and Seung-Ki Sul. |
||
| 260 |
_aNew York ; _bThe Institute of Electrical and Electronics Engineers, Inc. , _cApril 2022. |
||
| 300 |
_aVolume 37, pages 4431-4441 : _billustration ; _c28 cm. |
||
| 500 | _aIEEE Transaction on Power Electronics, vol. 37, no. 4, pages 4431-4441, April 2022. | ||
| 700 |
_aKim, Hyeon-Sik. _eauthor. _952028 |
||
| 700 |
_aYoo, Jiwon. _eauthor. _952029 |
||
| 700 |
_aSul, Seung-Ki. _eauthor. _952030 |
||
| 942 |
_2ddc _cPER |
||
| 999 |
_c19039 _d19039 |
||